Mathematical problem posing: from research to effective practice

Saved in:
Bibliographic Details
Main Authors: Singer, Florence Mihaela (Author), Ellerton, Nerida Fay (Author), Cai, Jinfa (Author)
Format: Book
Language:English
Published: Nueva York Springer 2015
Edition:1a. ed
Series:Research in Mathematics Education
Subjects:
Tags: Add Tag
No Tags, Be the first to tag this record!

MARC

LEADER 00000cam a2200000 a 4500
001 UCC7359
003 CL-VaPUC
008 190322e20150000us |||||||||||||||||eng|d
020 |a 9781461462576 
082 0 4 |a 510  |b SIN  |2 21 
100 0 |a Singer, Florence Mihaela  |e author  |9 601946 
700 0 |a Ellerton, Nerida Fay  |e author  |9 601947 
700 0 |a Cai, Jinfa  |e author  |9 601948 
245 1 0 |a Mathematical problem posing: from research to effective practice 
250 |a 1a. ed 
300 |a 569 p 
942 |c BK 
945 |d 20190322 14:57:00  |a dcastane 
260 |a Nueva York  |b Springer  |c 2015 
650 0 |a Matemática  |9 260235 
650 0 |a Matemáticas  |x Enseñanza  |9 875527 
583 |a last modification  |c 20190322 14:57:00  |k Rodrigo Vera 
490 0 |a Research in Mathematics Education 
999 |c 374029  |d 374027 
952 |0 0  |1 0  |3 erd  |4 0  |6 510_000000000000000_SIN_2015  |7 0  |8 A  |9 492382  |a BIBMAT  |b BIBMAT  |c E_DIDACT  |i 5538866  |o 510 SIN 2015  |p 5538866  |r 2025-01-07  |w 2019-11-24  |y BK  |z Catalogado en:20190322  |k MAT